000 00387cam a22001217a 4500
008 180718b1965 xxu||||| |||| 00| 0 eng d
082 _aA81x54 In2/61/1/Pt1A/1
100 _aCensus of India 1961
245 _aIndia: levels of regional development
260 _aDelhi
_bThe Manager of Publications
_c1965
300 _a357+p.
440 _aCensus of India 1961. Volume 1, India. Part I-A (i)
999 _c483635
_d483635